000 00430nam a2200181Ia 4500
001 24816
005 20260414151108.0
008 260414t2007||||xx |||||||||||||| ||spa||
041 _aESP
082 _a346
_bC86
100 _aCoviello, Nicola
_eAUT
245 0 _aDoctrina general del derecho civil
_b
260 _c2007
300 _a670 páginas :
_c24 cm.
650 _aDER
654 _aCDE
942 _cLIB
_dJUS
_fJUS
_2ddc
_n
999 _c24816
_d24816